Statistics for Canadian Celebrities by Picture #1

Click here to take the quiz!

General Stats

  • This quiz has been taken 85 times
  • The average score is 8 of 16

Answer Stats

Answer% Correct
Keanu Reeves
91%
Drake
86%
Celine Dion
77%
Avril Lavigne
74%
Pamela Anderson
59%
Seth Rogen
53%
Sandra Oh
47%
Rachel McAdams
44%
William Shatner
44%
Bryan Adams
41%
Donald Sutherland
41%
Michael Cera
41%
Shania Twain
36%
Alanis Morissette
35%
Cobie Smulders
29%
Nina Dobrev
27%

Score Distribution

Percentile by Number Answered

Percent of People with Each Score

Your Score History

You have not taken this quiz